000 00651nam a22002297a 4500
003 UA-OsUOA
001 88503
007 ta
008 20121005b un ||||| |||| 00| 0 ukr d
100 _aБрагінець А.С.
090 _a1(091)
_bБ 87
942 _cBK
040 _aUA-OsUOA
_bukr
_cUA-OsUOA
_dUA-OsUOA
245 _aНариси історії філософії: домарксівський період
300 _a264 с.
955 _a1
041 _aukr
080 _a1(091)
260 _bЛьвівського університету
_c1967
650 7 _a1(091) Історія філософії
_2UDC
999 _c374378
_d374378